Proces získavania a výberu zamestnancov prostredníctvom personálnej agentúry diplomová práca

Gespeichert in:
Bibliographische Detailangaben
1. Verfasser: Kolár, Patrik
Körperschaft: Fakulta podnikového manažmentu EU. Katedra manažmentu
Weitere Verfasser: Gažová Adamková, Hana, 1969-
Format: Buch
Sprache:Slowakisch
Veröffentlicht: Bratislava 2017
Tags: Tag hinzufügen
Keine Tags, Fügen Sie das erste Tag hinzu!

MARC

LEADER 00000nbm a2200000 4500
001 0232231
005 20171219101329.9
041 0 |a slo 
044 |a SK 
245 1 0 |a Proces získavania a výberu zamestnancov prostredníctvom personálnej agentúry  |b diplomová práca  |c Patrik Kolár ; školiteľ: Hana Gažová-Adamková 
264 1 |a Bratislava  |c 2017 
300 |a 61 s. 
100 1 |a Kolár, Patrik 
700 1 |a Gažová Adamková, Hana, 1969- 
710 2 |a Fakulta podnikového manažmentu EU. Katedra manažmentu